|
|
|
|
| LEADER |
00000cam a22000002cc4500 |
| 001 |
1132994071 |
| 003 |
DE-627 |
| 005 |
20251225180258.0 |
| 007 |
tu |
| 008 |
971208s1912 xx ||||| 00| ||fre c |
| 035 |
|
|
|a (DE-627)1132994071
|
| 035 |
|
|
|a (DE-576)062994077
|
| 035 |
|
|
|a (DE-599)BSZ062994077
|
| 035 |
|
|
|a (OCoLC)41090311
|
| 040 |
|
|
|a DE-627
|b ger
|c DE-627
|e rakwb
|
| 041 |
|
|
|a fre
|
| 082 |
0 |
|
|a 230.09
|
| 084 |
|
|
|a 1
|a 0
|2 ssgn
|
| 084 |
|
|
|a BN 1651
|2 rvk
|0 (DE-625)rvk/13043:
|
| 084 |
|
|
|a BO 2050
|2 rvk
|0 (DE-625)rvk/14085:
|
| 100 |
1 |
|
|0 (DE-588)1055219331
|0 (DE-627)793313120
|0 (DE-576)163323232
|4 aut
|a Tixeront, Joseph
|d 1856-1925
|
| 109 |
|
|
|a Tixeront, Joseph 1856-1925
|a Tixeront, J. 1856-1925
|a Tixeront, Louis Joseph 1856-1925
|a Tixeront, L.-J. 1856-1925
|
| 245 |
1 |
0 |
|a Histoire des dogmes dans l'antiquité chrétienne
|n 3
|p La fin de l'age patristique (430 - 800)
|c par J. Tixeront
|
| 250 |
|
|
|a 2. ed.
|
| 264 |
|
1 |
|a Paris
|b Lecoffre
|c 1912
|
| 300 |
|
|
|a 583 Seiten
|
| 336 |
|
|
|a Text
|b txt
|2 rdacontent
|
| 337 |
|
|
|a ohne Hilfsmittel zu benutzen
|b n
|2 rdamedia
|
| 338 |
|
|
|a Band
|b nc
|2 rdacarrier
|
| 583 |
1 |
|
|a Archivierung prüfen
|c 20221111
|f DE-640
|z 3
|2 pdager
|
| 601 |
|
|
|a Patristik
|
| 773 |
1 |
8 |
|a Histoire des dogmes dans l'antiquité chrétienne
|w (DE-627)1075489326
|w (DE-576)005489326
|g 3
|q 3,2
|7 nnam
|
| 787 |
0 |
8 |
|i Rezension
|a Kattenbusch, Ferdinand, 1851 - 1935
|t Tixeront, J., Histoire des Dogmes dans l‘Antiquité chrétienne. Tome III. La fin de l’âge patristique (430 - 800)
|d 1914
|w (DE-627)1476164762
|w (DE-576)406164762
|
| 935 |
|
|
|a mteo
|
| 936 |
r |
v |
|a BN 1651
|b Katholische Gesamtdarstellungen
|k Theologie und Religionswissenschaften
|k Dogmatik und Dogmengeschichte
|k Gesamtdarstellungen
|k Dogmengeschichte
|k Katholische Gesamtdarstellungen
|0 (DE-627)1270735047
|0 (DE-625)rvk/13043:
|0 (DE-576)200735047
|
| 936 |
r |
v |
|a BO 2050
|b Zusammenfassende Darstellungen
|k Theologie und Religionswissenschaften
|k Patrologie und Kirchengeschichte
|k Kirchengeschichte nach Perioden
|k Alte Kirchengeschichte und Patrologie
|k Darstellungen:
|k Zusammenfassende Darstellungen
|0 (DE-627)1270701479
|0 (DE-625)rvk/14085:
|0 (DE-576)200701479
|
| 951 |
|
|
|a MV
|
| ELC |
|
|
|b 1
|
| ORI |
|
|
|a SA-MARC-ixtheo_oa001.raw
|
| REL |
|
|
|a 1
|
| SUB |
|
|
|a REL
|